000 01143nam a2200253 i 4500
003 DO-SdBNP
005 20260429123224.0
007 ta
008 220915e2006 dr acd|grty|| 001 0 spa d
040 _aDO-SdBNP
_bspa
_cBNPHU
_erda
082 4 _222
_a361.25
_bP273mem
245 1 0 _aMemoria 2006. /
264 4 _aSanto Domingo :
_bUSAID,
_c2006
300 _a88 páginas ;
_bIlustraciones, retratos.
_c27 cm
336 _atexto
_btxt
_2rdaconten
337 _asin mediación
_bn
_2rdamedia
338 _avolumen
_bn
_2rdacarrier
505 _aPresentación.
_tConsejo Nacional.--
_tTransparencia de la Gestión Pública.--
_tPolítico Electoral.--
_tJusticia y Derechos Ciudadanos.--
_tFortalecimiento de la Participación de la Membresía.--
_tSostenibilidad Financiera.--
_tÁreas de Apoyo.--
_tEspacios de Coordinación Internacional.--
_tInformes de Comisiones.--
_tPublicaciones 2006.--
_tInforme Financiero.
590 _aInventariado 2024 / MF
650 4 _aOrganizaciones sin ánimo de lucro
_xCorrespondencia, memorias, etc.
_956956
650 0 _aParticipación política
_9456
650 2 0 _aParticipación política
_9456
942 _2ddc
_cLBS1
999 _c52407
_d52407